Quick Pick: NBA Teams by Last MVP Quiz Stats

 Plays Quiz Updated Jul 19, 2016

Challenge
Share
Tweet
Embed
Score 0/21 Timer 01:30
0 Plays Today
% Correct
Lakers
89.3%
Celtics
88.8%
Warriors
87.9%
Mavericks
87.3%
Spurs
87.3%
76ers
87%
Bulls
86.9%
Thunder
86.9%
Suns
84.4%
Rockets
83.6%
Heat
81.3%
% Correct
Jazz
80.6%
Timberwolves
78.4%
Cavaliers
74.9%
Bucks
65.1%
Trail Blazers
60.4%
Knicks
58.7%
Kings (Royals)
55%
Wizards (Bullets)
53.7%
Hawks
53.4%
Clippers (Braves)
50.4%

Today's Daily Dose

Missing Word
Hayao Miyazaki

Word Ladder
Florida

On This Day
December 13th II

You're not logged in!

Compare scores with friends on all Sporcle quizzes.
OR
Log In

You Might Also Like...

Show Comments

Extras

Top Quizzes Today


Score Distribution

Your Account Isn't Verified!

In order to create a playlist on Sporcle, you need to verify the email address you used during registration. Go to your Sporcle Settings to finish the process.

Report this User

Report this user for behavior that violates our Community Guidelines.

Details: